000 00779nas a2200241 i 4500
001 13712
003 ES-MaACL
005 20250414181236.0
007 t|
008 980609s1995 sp | l|01 0||pa d
020 _a84-7812-352-0
080 _a31(460.27)"1995"
245 0 0 _aAnuario estadístico 1995
_b: Ayuntamiento de Madrid.
260 _aMadrid :
_bAyuntamiento, Primera Tenencia de Alcaldía, Departamento de Estadística,
_c[1995 ?]
300 _a683 p. ;
_c31 cm.
651 4 _aMadrid-
_xEstadísticas.
_9146823
655 7 _2tgfbne
_9226822
_aAnuarios
710 1 _aMadrid.
_bAyuntamiento.
_bDepartamento de Estadística.
_9168646
852 _aES-MaACL
_jL-21016
942 _2udc
_cPERIODICA
999 _c13712
_d13712